Loading...
| History - European | 0 | 9 | 0 | 2 | 90 | 28 | 87.67 | 3 | 7 | 29.03 | 60.00 |
| History - American | 0 | 6 | 0 | 3 | 60 | 63 | 100.00 | 1 | 6 | 12.06 | 25.00 |
| History - World | 0 | 6 | 1 | 3 | 55 | 71 | 108.50 | 0 | 3 | 9.02 | 25.00 |
| Philosophy | 0 | 5 | 0 | 0 | 50 | 43 | 78.80 | 2 | 4 | 16.33 | 27.50 |
| Social Science | 0 | 6 | 2 | 0 | 50 | 55 | 76.83 | 3 | 5 | 19.34 | 45.00 |
| Religion | 0 | 4 | 0 | 0 | 40 | 79 | 91.25 | 0 | 3 | 7.85 | 15.00 |
| History - Other | 0 | 4 | 2 | 2 | 30 | 89 | 112.75 | 0 | 1 | 4.06 | 12.50 |
| Mythology | 0 | 3 | 0 | 0 | 30 | 80 | 105.33 | 1 | 3 | 6.14 | 17.50 |
| Fine Arts - Other | 0 | 3 | 1 | 1 | 25 | 93 | 114.33 | 0 | 2 | 3.78 | 10.00 |
| Literature - European | 0 | 2 | 0 | 1 | 20 | 130 | 140.00 | 0 | 0 | 0.08 | 5.00 |
| Current Events | 0 | 2 | 0 | 1 | 20 | 92 | 110.00 | 0 | 0 | 14.45 | 25.00 |
| Other Academic | 0 | 2 | 0 | 1 | 20 | 88 | 102.50 | 0 | 0 | 11.60 | 16.67 |
| Popular Culture | 0 | 2 | 0 | 0 | 20 | 54 | 78.50 | 0 | 2 | 29.61 | 41.67 |
| Literature - American | 0 | 2 | 1 | 1 | 15 | 134 | 134.50 | 0 | 2 | 0.29 | 7.50 |
| Fine Arts - Painting and Sculpture | 0 | 1 | 0 | 0 | 10 | 104 | 104.00 | 0 | 1 | 1.48 | 7.50 |
| Geography | 0 | 1 | 0 | 0 | 10 | 106 | 106.00 | 0 | 1 | 9.54 | 25.00 |
| Science - Physics | 0 | 1 | 0 | 0 | 10 | 106 | 106.00 | 0 | 1 | 0.94 | 5.00 |
| Literature - World | 0 | 1 | 1 | 1 | 5 | 144 | 144.00 | 0 | 0 | 0.00 | 2.50 |
| Literature - British | 0 | 0 | 0 | 0 | 0 | 0.00 | 0 | 0 | 0.00 | 0.00 | |
| Science - Other | 0 | 0 | 0 | 0 | 0 | 0.00 | 0 | 0 | 0.00 | 0.00 | |
| Science - Chemistry | 0 | 0 | 1 | 0 | -5 | 0.00 | 0 | 0 | 0.00 | 0.00 |